| 000 | 00545cam a2200205 4500 | ||
|---|---|---|---|
| 001 | H31 | ||
| 008 | 090401t1981 xxu||||| |||| 00| 0 eng d | ||
| 035 | _a(Sirsi) u36538 | ||
| 041 | _aeng | ||
| 050 | _a694 | ||
| 100 | _aBennett, G.A. | ||
| 245 | _aVeneer plywood - a new approach to bond performance testing | ||
| 260 |
_aGarston, Watford _bBuilding Research Establishment _c1981 |
||
| 300 | _a3p. ; 30cm. | ||
| 350 | _a0 | ||
| 490 |
_aBRE Information Paper _v10/81 s |
||
| 690 | _aBUILT ENVIRONMENT | ||
| 942 | _n0 | ||
| 948 | _c04/03/1997 | ||
| 999 |
_c90320 _d90320 |
||